[Event "Bundesliga 0001"]
[Site "Deutschland"]
[Date "2001.01.07"]
[Round "5.5"]
[White "Hoffmann, Michael"]
[Black "Straeter, Timo"]
[Result "1-0"]
[WhiteElo "2458"]
[BlackElo "2370"]
[PlyCount "45"]
[EventDate "2000.10.14"]
[EventType "team"]
[EventRounds "15"]
[EventCountry "GER"]
[SourceTitle "Bundesliga 0001"]
[Source "DeepChess"]
[SourceDate "2005.01.01"]
[SourceVersion "1"]
[SourceVersionDate "2005.01.01"]
[SourceQuality "1"]
[WhiteTeam "SV Castrop Rauxel 1923"]
[BlackTeam "SV Wattenscheid 1930"]
[WhiteTeamCountry "GER"]
[BlackTeamCountry "GER"]

1. e4 d5 2. exd5 Qxd5 3. Nc3 Qa5 4. d4 Nf6 5. Nf3 c6 6. Bc4 Bf5 7. Bd2 e6 8.
Nd5 Qd8 9. Nxf6+ gxf6 10. c3 Nd7 11. Nh4 Bg6 12. Qf3 Bd6 13. Qh3 Be4 14. O-O
Nb6 15. Bb3 f5 16. Rfe1 Be7 17. Nf3 Bf6 18. Qh5 Bxf3 19. Rxe6+ Be7 20. gxf3
Rg8+ 21. Kh1 Rg6 22. Re2 Kf8 23. Qxh7 1-0

[Event "Bundesliga 0001"]
[Site "Deutschland"]
[Date "2001.01.07"]
[Round "5.6"]
[White "Franke, Johannes"]
[Black "Bosch, Jeroen"]
[Result "0-1"]
[WhiteElo "2290"]
[BlackElo "2405"]
[PlyCount "104"]
[EventDate "2000.10.14"]
[EventType "team"]
[EventRounds "15"]
[EventCountry "GER"]
[SourceTitle "Bundesliga 0001"]
[Source "DeepChess"]
[SourceDate "2005.01.01"]
[SourceVersion "1"]
[SourceVersionDate "2005.01.01"]
[SourceQuality "1"]
[WhiteTeam "SV Wattenscheid 1930"]
[BlackTeam "SV Castrop Rauxel 1923"]
[WhiteTeamCountry "GER"]
[BlackTeamCountry "GER"]

1. e4 c5 2. Nc3 Nc6 3. g3 g6 4. Bg2 Bg7 5. d3 d6 6. f4 e6 7. Be3 Nge7 8. Nf3
Nd4 9. O-O O-O 10. e5 Bd7 11. Ne4 Nef5 12. Bf2 Nxf3+ 13. Qxf3 Bc6 14. c3 Rc8
15. Qe2 h5 16. exd6 b6 17. g4 hxg4 18. Qxg4 Nxd6 19. Bh4 Qd7 20. Qh3 f5 21. Ng5
Nf7 22. Rae1 Rfe8 23. Re3 e5 24. fxe5 Nxg5 25. Bxg5 Rxe5 26. Rxe5 Bxe5 27. Re1
Re8 28. Rxe5 Rxe5 29. Bf6 Re1+ 30. Kf2 Re2+ 31. Kxe2 Qe6+ 32. Qe3 Qxf6 33. Bxc6
Qxc6 34. Qg5 Kf7 35. Qh6 Qg2+ 36. Ke3 Qxb2 37. Qh7+ Kf6 38. h4 Qc1+ 39. Kf3
Qf1+ 40. Ke3 Qc1+ 41. Kf3 Qf1+ 42. Ke3 Qg1+ 43. Kf3 Qg4+ 44. Ke3 f4+ 45. Ke4
Qf5+ 46. Kf3 Qxd3+ 47. Kxf4 Qc4+ 48. Ke3 Qxc3+ 49. Ke4 Qd4+ 50. Kf3 Qd5+ 51.
Ke3 Qxa2 52. Qh8+ Ke7 0-1

[Event "Bundesliga 0001"]
[Site "Deutschland"]
[Date "2001.01.07"]
[Round "5.7"]
[White "Dinstuhl, Volkmar"]
[Black "Blecken, Volker"]
[Result "0-1"]
[WhiteElo "2412"]
[BlackElo "2275"]
[PlyCount "70"]
[EventDate "2000.10.14"]
[EventType "team"]
[EventRounds "15"]
[EventCountry "GER"]
[SourceTitle "Bundesliga 0001"]
[Source "DeepChess"]
[SourceDate "2005.01.01"]
[SourceVersion "1"]
[SourceVersionDate "2005.01.01"]
[SourceQuality "1"]
[WhiteTeam "SV Castrop Rauxel 1923"]
[BlackTeam "SV Wattenscheid 1930"]
[WhiteTeamCountry "GER"]
[BlackTeamCountry "GER"]

1. d4 d5 2. c4 c6 3. Nf3 e6 4. Qc2 f5 5. g3 Nf6 6. Bg2 Bd6 7. O-O O-O 8. Nc3
Ne4 9. b3 b6 10. Bb2 Bb7 11. cxd5 exd5 12. Rfd1 Nd7 13. e3 Qe7 14. Re1 Rae8 15.
Nd2 h5 16. f4 Nxd2 17. Qxd2 h4 18. Bf3 Rf6 19. Kf2 Rh6 20. Rg1 Nf6 21. Rae1 Bc8
22. Qd3 g5 23. Ke2 hxg3 24. hxg3 Ne4 25. Kf1 Rh3 26. Bxe4 fxe4 27. Qe2 Qh7 28.
Rg2 Rf8 29. Kf2 Kh8 30. Reg1 gxf4 31. exf4 Bxf4 32. Ke1 Bd6 33. Rf2 Rg8 34. g4
Bg3 35. Nd1 Bxg4 0-1

[Event "Bundesliga 0001"]
[Site "Deutschland"]
[Date "2001.01.27"]
[Round "6.2"]
[White "Kengis, Edvins"]
[Black "Rogozenko, Dorian"]
[Result "1-0"]
[WhiteElo "2589"]
[BlackElo "2531"]
[PlyCount "109"]
[EventDate "2000.10.14"]
[EventType "team"]
[EventRounds "15"]
[EventCountry "GER"]
[SourceTitle "Bundesliga 0001"]
[Source "DeepChess"]
[SourceDate "2005.01.01"]
[SourceVersion "1"]
[SourceVersionDate "2005.01.01"]
[SourceQuality "1"]
[WhiteTeam "Godesberger SK 1929"]
[BlackTeam "USC Magdeburg"]
[WhiteTeamCountry "GER"]
[BlackTeamCountry "GER"]

1. Nf3 c5 2. c4 Nc6 3. Nc3 e5 4. g3 g6 5. Bg2 Bg7 6. d3 Nge7 7. Bg5 f6 8. Bd2
O-O 9. a3 d6 10. Rb1 Be6 11. b4 Qd7 12. O-O Rab8 13. Ne1 f5 14. b5 Nd8 15. Bg5
f4 16. Bxe7 Qxe7 17. Nd5 Qd7 18. e3 Bg4 19. Bf3 Bh3 20. Ng2 fxe3 21. fxe3 Nf7
22. b6 a6 23. Nc7 Ng5 24. Bd5+ Kh8 25. Qd2 Qg4 26. Kh1 e4 27. Rf4 Qh5 28. Qd1
Nf3 29. Bxe4 Bxg2+ 30. Kxg2 Qxh2+ 31. Kxf3 g5 32. Qh1 Qxh1+ 33. Rxh1 gxf4 34.
Rxh7+ Kg8 35. gxf4 Rf6 36. Rh5 Rh6 37. Rxh6 Bxh6 38. Kg4 Kf7 39. Kf5 Bg7 40.
Bd5+ Ke7 41. Kg6 Bb2 42. a4 a5 43. f5 Be5 44. Be6 Rh8 45. Nd5+ Kd8 46. f6 Rh1
47. Bf5 Rg1+ 48. Kf7 Ra1 49. Nc7 Bxf6 50. Ne6+ Kd7 51. Kxf6 Kc6 52. Nf4 Kxb6
53. Nd5+ Ka7 54. Bd7 Rd1 55. Ke7 1-0

[Event "Bundesliga 0001"]
[Site "Deutschland"]
[Date "2001.01.27"]
[Round "6.3"]
[White "Slobodjan, Roman"]
[Black "Kveinys, Aloyzas"]
[Result "1/2-1/2"]
[WhiteElo "2539"]
[BlackElo "2522"]
[PlyCount "128"]
[EventDate "2000.10.14"]
[EventType "team"]
[EventRounds "15"]
[EventCountry "GER"]
[SourceTitle "Bundesliga 0001"]
[Source "DeepChess"]
[SourceDate "2005.01.01"]
[SourceVersion "1"]
[SourceVersionDate "2005.01.01"]
[SourceQuality "1"]
[WhiteTeam "USC Magdeburg"]
[BlackTeam "Godesberger SK 1929"]
[WhiteTeamCountry "GER"]
[BlackTeamCountry "GER"]

1. d4 Nf6 2. Nf3 e6 3. c4 Bb4+ 4. Nbd2 O-O 5. a3 Bxd2+ 6. Qxd2 d6 7. Qc2 h6 8.
b3 Nbd7 9. Bb2 b6 10. e4 Bb7 11. Nd2 c5 12. Be2 cxd4 13. Bxd4 e5 14. Be3 Nc5
15. f3 Qe7 16. O-O Rfc8 17. Qd1 Bc6 18. Nb1 Bd7 19. Nc3 Be6 20. Rc1 Nh5 21. Nd5
Qh4 22. Rf2 Nf4 23. Bf1 Nxd5 24. cxd5 Bd7 25. Rfc2 Rcb8 26. b4 Ba4 27. bxc5
bxc5 28. Qd2 Bxc2 29. Qxc2 Rb6 30. Bd2 Rab8 31. Bc3 Qg5 32. Re1 Qe7 33. a4 Qb7
34. Bb5 a6 35. Bc4 Rb1 36. Kf1 Rxe1+ 37. Bxe1 Qb6 38. Bc3 Qa7 39. Ke2 Rb6 40.
Qd3 Rb8 41. a5 Ra8 42. Bd2 Qb7 43. Bc3 Ra7 44. Kf2 Ra8 45. Kg3 Kh8 46. Qf1 f6
47. h4 Kh7 48. Kf2 Kh8 49. Ke3 Kh7 50. Kd2 Kh8 51. g3 Kh7 52. f4 Kh8 53. g4 Qc7
54. f5 Qb7 55. Qg1 Qd7 56. Qb1 Qa4 57. Bd3 c4 58. Qb7 cxd3 59. Qxa8+ Kh7 60.
Kxd3 Qd1+ 61. Ke3 Qg1+ 62. Kd2 Qf2+ 63. Kc1 Qf1+ 64. Kb2 Qb5+ 1/2-1/2

[Event "Bundesliga 0001"]
[Site "Deutschland"]
[Date "2001.01.27"]
[Round "6.4"]
[White "Langheinrich, Ferenc"]
[Black "Baklan, Vladimir"]
[Result "1/2-1/2"]
[WhiteElo "2384"]
[BlackElo "2599"]
[PlyCount "70"]
[EventDate "2000.10.14"]
[EventType "team"]
[EventRounds "15"]
[EventCountry "GER"]
[SourceTitle "Bundesliga 0001"]
[Source "DeepChess"]
[SourceDate "2005.01.01"]
[SourceVersion "1"]
[SourceVersionDate "2005.01.01"]
[SourceQuality "1"]
[WhiteTeam "Godesberger SK 1929"]
[BlackTeam "USC Magdeburg"]
[WhiteTeamCountry "GER"]
[BlackTeamCountry "GER"]

1. e4 c5 2. Nf3 d6 3. d4 cxd4 4. Nxd4 Nf6 5. Nc3 Nc6 6. Bg5 Bd7 7. Qd2 Rc8 8.
O-O-O Nxd4 9. Qxd4 Qa5 10. f4 Rxc3 11. bxc3 e5 12. Qb4 Qxb4 13. cxb4 Nxe4 14.
Bh4 g5 15. Bd3 Nc3 16. Bxg5 Nxd1 17. Rxd1 Be7 18. Bh6 Rg8 19. g3 f5 20. Be2 Be6
21. fxe5 dxe5 22. Bh5+ Bf7 23. Bxf7+ Kxf7 24. Rd7 Rg4 25. Rxb7 Rxb4 26. Rxa7
Ke6 27. Ra6+ Kd5 28. Ra7 Ke6 29. Ra6+ Kd5 30. c3 Re4 31. Kd2 f4 32. gxf4 exf4
33. Kd3 Re3+ 34. Kd2 Re4 35. Kd3 Re3+ 1/2-1/2

[Event "Bundesliga 0001"]
[Site "Deutschland"]
[Date "2001.01.27"]
[Round "6.5"]
[White "Thesing, Matthias"]
[Black "Jackelen, Thomas"]
[Result "0-1"]
[WhiteElo "2438"]
[BlackElo "2373"]
[PlyCount "74"]
[EventDate "2000.10.14"]
[EventType "team"]
[EventRounds "15"]
[EventCountry "GER"]
[SourceTitle "Bundesliga 0001"]
[Source "DeepChess"]
[SourceDate "2005.01.01"]
[SourceVersion "1"]
[SourceVersionDate "2005.01.01"]
[SourceQuality "1"]
[WhiteTeam "USC Magdeburg"]
[BlackTeam "Godesberger SK 1929"]
[WhiteTeamCountry "GER"]
[BlackTeamCountry "GER"]

1. e4 d5 2. exd5 Qxd5 3. Nc3 Qa5 4. d4 Nf6 5. Bc4 Bg4 6. f3 Bh5 7. Bd2 Qb6 8.
Nge2 Nbd7 9. a4 c6 10. a5 Qc7 11. Nf4 e5 12. Qe2 Be7 13. Nxh5 Nxh5 14. dxe5
Nxe5 15. Bb3 Ng6 16. a6 O-O 17. axb7 Rae8 18. O-O-O Qxb7 19. Rhe1 Nhf4 20. Qf1
Rd8 21. g3 Nd3+ 22. Kb1 Nxe1 23. Qxe1 Bb4 24. Ne4 Ne5 25. Qe2 Bxd2 26. Rxd2 Qb5
27. Qd1 Rxd2 28. Nxd2 Rd8 29. Qe1 Qa5 30. c3 Qb5 31. f4 Nf3 32. Nxf3 Qxb3 33.
Nd4 Qd5 34. Qe7 c5 35. Nc6 Qd1+ 36. Ka2 Qa4+ 37. Kb1 Rd1# 0-1

[Event "Bundesliga 0001"]
[Site "Deutschland"]
[Date "2001.01.27"]
[Round "6.6"]
[White "Schmidt, Bodo"]
[Black "Georgiev, Vladimir"]
[Result "0-1"]
[WhiteElo "2368"]
[BlackElo "2564"]
[PlyCount "175"]
[EventDate "2000.10.14"]
[EventType "team"]
[EventRounds "15"]
[EventCountry "GER"]
[SourceTitle "Bundesliga 0001"]
[Source "DeepChess"]
[SourceDate "2005.01.01"]
[SourceVersion "1"]
[SourceVersionDate "2005.01.01"]
[SourceQuality "1"]
[WhiteTeam "Godesberger SK 1929"]
[BlackTeam "USC Magdeburg"]
[WhiteTeamCountry "GER"]
[BlackTeamCountry "GER"]

1. d4 d6 2. Nf3 Nf6 3. c4 g6 4. Nc3 Bf5 5. Qb3 b6 6. g3 c5 7. Nh4 cxd4 8. Bg2
Nbd7 9. Nxf5 dxc3 10. Nd4 Rc8 11. Nc6 Qc7 12. Qxc3 Bg7 13. O-O Nc5 14. Be3 O-O
15. Qa3 a5 16. Bxc5 dxc5 17. Rad1 e5 18. Bd5 Rfe8 19. Qb3 e4 20. f3 Re6 21.
Bxe6 fxe6 22. Ne7+ Qxe7 23. Qxb6 Ne8 24. b3 Bc3 25. fxe4 Nf6 26. Rd3 Bd4+ 27.
e3 Be5 28. Rfd1 Kg7 29. Qxa5 Qb7 30. Qd2 Qxe4 31. Qg2 Qf5 32. R3d2 Rc7 33. Rf1
Qg5 34. Qf3 h5 35. Kg2 h4 36. Rd3 Kh6 37. Rh1 Rg7 38. Rf1 Qh5 39. a4 Qg5 40.
Rh1 Qf5 41. Qxf5 gxf5 42. Kf3 Bc7 43. Rdd1 h3 44. Ra1 Ne4 45. Rhd1 Ba5 46. Rd3
Kg5 47. Rg1 Nf6 48. Rd6 Ng4 49. Ke2 e5 50. Ra6 Bb4 51. Ra8 Nxh2 52. a5 Ng4 53.
Rd1 h2 54. a6 Nf6 55. Rh8 Ne4 56. Kf3 Ra7 57. Rxh2 Rxa6 58. g4 Nf6 59. gxf5
Kxf5 60. Rg1 Ra3 61. e4+ Ke6 62. Rb1 Bc3 63. Rh8 Ra2 64. Rb8 Bd4 65. Rb6+ Ke7
66. Rb7+ Kd6 67. Rf1 Nd7 68. Kg4 Ke6 69. Kf3 Rh2 70. Rc7 Rh3+ 71. Kg4 Rxb3 72.
Rc6+ Ke7 73. Rh1 Nf6+ 74. Kf5 Rf3+ 75. Kg6 Be3 76. Rc7+ Kd6 77. Ra7 Nd7 78.
Ra6+ Kc7 79. Rh7 Rg3+ 80. Kf7 Kb7 81. Rd6 Kc7 82. Ra6 Kb7 83. Rd6 Nb6 84. Ke6+
Ka6 85. Kxe5 Rf3 86. Re6 Bd4+ 87. Kd6 Nxc4+ 88. Kd5+ 0-1

[Event "Bundesliga 0001"]
[Site "Deutschland"]
[Date "2001.01.27"]
[Round "6.7"]
[White "Proehl, Holger"]
[Black "Heinbuch, Detlef"]
[Result "1/2-1/2"]
[WhiteElo "2386"]
[BlackElo "2376"]
[PlyCount "43"]
[EventDate "2000.10.14"]
[EventType "team"]
[EventRounds "15"]
[EventCountry "GER"]
[SourceTitle "Bundesliga 0001"]
[Source "DeepChess"]
[SourceDate "2005.01.01"]
[SourceVersion "1"]
[SourceVersionDate "2005.01.01"]
[SourceQuality "1"]
[WhiteTeam "USC Magdeburg"]
[BlackTeam "Godesberger SK 1929"]
[WhiteTeamCountry "GER"]
[BlackTeamCountry "GER"]

1. e4 c5 2. c3 g6 3. Nf3 Bg7 4. g3 d5 5. exd5 Qxd5 6. Bg2 Qd3 7. Qe2 Qxe2+ 8.
Kxe2 Nc6 9. d3 Bd7 10. Be3 b6 11. Na3 Nh6 12. Bxh6 Bxh6 13. Ne5 Rc8 14. Nxd7
Kxd7 15. Nc4 Bg7 16. a4 e6 17. Rhe1 Rhd8 18. Kd2 h5 19. h4 Kc7 20. Kc2 Rb8 21.
Rad1 Rd7 22. Bxc6 1/2-1/2

[Event "Bundesliga 0001"]
[Site "Deutschland"]
[Date "2001.01.27"]
[Round "6.8"]
[White "Breder, Dennis"]
[Black "Stolz, Mike"]
[Result "1-0"]
[WhiteElo "2336"]
[BlackElo "2318"]
[PlyCount "131"]
[EventDate "2000.10.14"]
[EventType "team"]
[EventRounds "15"]
[EventCountry "GER"]
[SourceTitle "Bundesliga 0001"]
[Source "DeepChess"]
[SourceDate "2005.01.01"]
[SourceVersion "1"]
[SourceVersionDate "2005.01.01"]
[SourceQuality "1"]
[WhiteTeam "Godesberger SK 1929"]
[BlackTeam "USC Magdeburg"]
[WhiteTeamCountry "GER"]
[BlackTeamCountry "GER"]

1. e4 e6 2. d4 d5 3. Nd2 Nf6 4. Bd3 c5 5. e5 Nfd7 6. c3 Nc6 7. Ne2 Be7 8. O-O
a5 9. Kh1 cxd4 10. cxd4 h5 11. Nf3 Nb6 12. Be3 Bd7 13. a4 Nb4 14. b3 Nxd3 15.
Qxd3 Nc8 16. g3 Na7 17. h4 Nc6 18. Nc3 Nb4 19. Qe2 Qb6 20. Rfc1 Bc6 21. Kh2 Qd8
22. Nb5 Bxb5 23. axb5 Qb6 24. Nd2 Kd7 25. Nb1 Qd8 26. Nc3 Rc8 27. Na4 b6 28.
Rxc8 Kxc8 29. Bd2 Kb7 30. Bxb4 axb4 31. Rc1 Qb8 32. Qc2 Rc8 33. Qxc8+ Qxc8 34.
Rxc8 Kxc8 35. Nxb6+ Kb7 36. Na4 Bd8 37. f3 Be7 38. Kg2 g6 39. Kf2 Kc7 40. Ke3
Kb7 41. Kf2 Kc7 42. Kg2 Kb7 43. Kh3 Kc7 44. g4 Kb7 45. Kg3 Kc7 46. gxh5 gxh5
47. Nc5 Kb6 48. Nd3 Kxb5 49. Nf4 Bd8 50. Nxh5 Bb6 51. Nf6 Bxd4 52. f4 Kc6 53.
h5 Bc5 54. h6 Bf8 55. h7 Bg7 56. Kf3 Bh8 57. Ke3 Kc7 58. Kd4 Kc6 59. Ng4 Kd7
60. Kc5 Ke7 61. Nf6 Kf8 62. Kxb4 Kg7 63. Kc5 Kg6 64. b4 Kf5 65. b5 Kxf4 66. Kd4
1-0

[Event "Bundesliga 0001"]
[Site "Deutschland"]
[Date "2001.01.27"]
[Round "6.1"]
[White "Balcerak, Jakob"]
[Black "Ftacnik, Lubomir"]
[Result "0-1"]
[WhiteElo "2413"]
[BlackElo "2608"]
[PlyCount "70"]
[EventDate "2000.10.14"]
[EventType "team"]
[EventRounds "15"]
[EventCountry "GER"]
[SourceTitle "Bundesliga 0001"]
[Source "DeepChess"]
[SourceDate "2005.01.01"]
[SourceVersion "1"]
[SourceVersionDate "2005.01.01"]
[SourceQuality "1"]
[WhiteTeam "TSV Schott Mainz"]
[BlackTeam "Hamburger SK 1830 e.V."]
[WhiteTeamCountry "GER"]
[BlackTeamCountry "GER"]

1. e4 c5 2. Nf3 d6 3. d4 cxd4 4. Nxd4 Nf6 5. Nc3 a6 6. Be3 e5 7. Nb3 Be6 8. f3
h5 9. Qd2 Nbd7 10. O-O-O Rc8 11. Kb1 Be7 12. Nd5 Bxd5 13. exd5 Nb6 14. Bxb6
Qxb6 15. Bd3 O-O 16. Bf5 Rc4 17. g3 Re8 18. Rhe1 Bd8 19. c3 a5 20. Qd3 Rc7 21.
Nd2 g6 22. Bh3 Kg7 23. Bf1 Rc5 24. Ne4 Rxd5 25. Nxf6 Rxd3 26. Nxe8+ Kf8 27.
Bxd3 Kxe8 28. f4 Bf6 29. Rf1 e4 30. Rfe1 d5 31. Kc1 Kf8 32. Bc2 Qf2 33. Rh1 d4
34. cxd4 e3 35. Rhf1 Qxh2 0-1

[Event "Bundesliga 0001"]
[Site "Deutschland"]
[Date "2001.01.27"]
[Round "6.2"]
[White "Kempinski, Robert"]
[Black "Cicak, Slavko"]
[Result "1-0"]
[WhiteElo "2498"]
[BlackElo "2543"]
[PlyCount "119"]
[EventDate "2000.10.14"]
[EventType "team"]
[EventRounds "15"]
[EventCountry "GER"]
[SourceTitle "Bundesliga 0001"]
[Source "DeepChess"]
[SourceDate "2005.01.01"]
[SourceVersion "1"]
[SourceVersionDate "2005.01.01"]
[SourceQuality "1"]
[WhiteTeam "Hamburger SK 1830 e.V."]
[BlackTeam "TSV Schott Mainz"]
[WhiteTeamCountry "GER"]
[BlackTeamCountry "GER"]

1. d4 d5 2. c4 dxc4 3. Nf3 Nf6 4. e3 e6 5. Bxc4 Nbd7 6. O-O a6 7. Qe2 b5 8. Bd3
c5 9. a4 b4 10. a5 cxd4 11. exd4 Bb7 12. Nbd2 Be7 13. Nc4 O-O 14. Bf4 Bc6 15.
Rfc1 Nd5 16. Bg3 Bb5 17. Nd6 Bxd3 18. Qxd3 N7f6 19. Nb7 Qd7 20. Nc5 Qa7 21. Ne5
Rfc8 22. Nb3 Qb7 23. Rc4 Rxc4 24. Qxc4 Rc8 25. Nc5 Bxc5 26. dxc5 Ne7 27. Bh4
Qd5 28. Qxd5 Nfxd5 29. Bxe7 Nxe7 30. Rc1 f6 31. Nd3 Nc6 32. Kf1 e5 33. Rc4 Rb8
34. f4 exf4 35. Rxf4 Rb5 36. Rf5 Ne5 37. c6 Nxc6 38. Rxb5 axb5 39. a6 b3 40.
Nc5 Kf7 41. Nxb3 Na7 42. Nd4 g6 43. Ke2 Ke7 44. g4 Kd6 45. h4 Ke5 46. Ke3 Kd5
47. Ne2 Kc4 48. Kd2 Kb3 49. Kc1 Kc4 50. Nf4 Kd4 51. Kd2 Ke4 52. Ne6 Kf3 53. g5
f5 54. Kd3 b4 55. Kc4 b3 56. Kxb3 Ke4 57. Kc4 Ke5 58. Nd4 f4 59. Kc5 Nc8 60. b4
1-0

[Event "Bundesliga 0001"]
[Site "Deutschland"]
[Date "2001.01.27"]
[Round "6.3"]
[White "Lisanti, Andre"]
[Black "Hansen, Sune Berg"]
[Result "1-0"]
[WhiteElo "2300"]
[BlackElo "2545"]
[PlyCount "80"]
[EventDate "2000.10.14"]
[EventType "team"]
[EventRounds "15"]
[EventCountry "GER"]
[SourceTitle "Bundesliga 0001"]
[Source "DeepChess"]
[SourceDate "2005.01.01"]
[SourceVersion "1"]
[SourceVersionDate "2005.01.01"]
[SourceQuality "1"]
[WhiteTeam "TSV Schott Mainz"]
[BlackTeam "Hamburger SK 1830 e.V."]
[WhiteTeamCountry "GER"]
[BlackTeamCountry "GER"]

1. d4 Nf6 2. c4 e6 3. Nc3 Bb4 4. Qc2 O-O 5. a3 Bxc3+ 6. Qxc3 b6 7. Bg5 Bb7 8.
Qh3 d6 9. Nf3 Nbd7 10. Rd1 Qe8 11. Qh4 a5 12. g3 a4 13. Bg2 Ra5 14. O-O h6 15.
Bd2 Rh5 16. Qf4 e5 17. dxe5 dxe5 18. Qe3 e4 19. Nh4 g5 20. Nf5 Qe5 21. f3 Qxf5
22. g4 Qe6 23. gxh5 Nxh5 24. fxe4 Nf4 25. Rxf4 gxf4 26. Qxf4 Nc5 27. Bb4 Kh7
28. Rf1 Qxc4 29. Qxc7 Ba8 30. Qe5 Rg8 31. Qf5+ Rg6 32. Bxc5 Bxe4 33. Qxf7+ Qxf7
34. Rxf7+ Kg8 35. Rf2 bxc5 36. Kf1 Re6 37. Bh3 Re7 38. Rf6 Kg7 39. Ra6 Bd5 40.
Rxa4 Rb7 1-0

[Event "Bundesliga 0001"]
[Site "Deutschland"]
[Date "2001.01.27"]
[Round "6.4"]
[White "Wahls, Matthias"]
[Black "Bewersdorff, Oliver"]
[Result "1-0"]
[WhiteElo "2568"]
[BlackElo "2364"]
[PlyCount "80"]
[EventDate "2000.10.14"]
[EventType "team"]
[EventRounds "15"]
[EventCountry "GER"]
[SourceTitle "Bundesliga 0001"]
[Source "DeepChess"]
[SourceDate "2005.01.01"]
[SourceVersion "1"]
[SourceVersionDate "2005.01.01"]
[SourceQuality "1"]
[WhiteTeam "Hamburger SK 1830 e.V."]
[BlackTeam "TSV Schott Mainz"]
[WhiteTeamCountry "GER"]
[BlackTeamCountry "GER"]

1. c4 e6 2. Nf3 Nf6 3. g3 b6 4. Bg2 Bb7 5. O-O Be7 6. b3 O-O 7. Bb2 d5 8. e3
Nbd7 9. Qc2 a5 10. Nc3 Ne4 11. Nb5 Nd6 12. Nfd4 c6 13. Nxd6 Bxd6 14. Rac1 Rc8
15. Qb1 Qe7 16. cxd5 cxd5 17. Nb5 Ba6 18. Nxd6 Qxd6 19. Rfd1 Ne5 20. Rxc8 Rxc8
21. d4 Nd7 22. Rc1 Nf6 23. Rxc8+ Bxc8 24. Bf1 Bd7 25. Qc1 Qc6 26. f3 Qxc1 27.
Bxc1 a4 28. Ba3 axb3 29. axb3 Bc6 30. g4 Nd7 31. Bd6 f6 32. Bd3 Kf7 33. Kf2 g6
34. Ke2 e5 35. Bc7 Ke6 36. Kd2 f5 37. gxf5+ gxf5 38. Kc3 exd4+ 39. exd4 Kf6 40.
Bd8+ Ke6 1-0

[Event "Bundesliga 0001"]
[Site "Deutschland"]
[Date "2001.01.27"]
[Round "6.5"]
[White "Kienast, Joerg"]
[Black "Mueller, Karsten"]
[Result "1/2-1/2"]
[WhiteElo "2204"]
[BlackElo "2513"]
[PlyCount "91"]
[EventDate "2000.10.14"]
[EventType "team"]
[EventRounds "15"]
[EventCountry "GER"]
[SourceTitle "Bundesliga 0001"]
[Source "DeepChess"]
[SourceDate "2005.01.01"]
[SourceVersion "1"]
[SourceVersionDate "2005.01.01"]
[SourceQuality "1"]
[WhiteTeam "TSV Schott Mainz"]
[BlackTeam "Hamburger SK 1830 e.V."]
[WhiteTeamCountry "GER"]
[BlackTeamCountry "GER"]

1. e4 e6 2. d3 d5 3. Nd2 Nf6 4. Ngf3 Nc6 5. g3 dxe4 6. dxe4 e5 7. Bg2 Bc5 8.
O-O O-O 9. Qe2 a5 10. Nc4 Qe7 11. Be3 b6 12. Rfd1 Ba6 13. Bf1 Bxc4 14. Qxc4
Bxe3 15. Qxc6 Bc5 16. Bh3 Rad8 17. a3 h5 18. c3 Ng4 19. Bxg4 hxg4 20. Nh4 g6
21. b4 axb4 22. axb4 Bd6 23. Ng2 Kg7 24. Ra7 Bxb4 25. Rxd8 Rxd8 26. Ne3 Bd6 27.
Nxg4 Qe6 28. Ne3 Qh3 29. Qd5 Rh8 30. Nf1 Re8 31. Ne3 Rh8 32. Nf1 Qg4 33. Ne3
Qe2 34. Kg2 Re8 35. Ra2 Qe1 36. Qd3 Bc5 37. Ng4 Re6 38. Qd8 Rd6 39. Qg5 Qxe4+
40. f3 Qd5 41. c4 Qc6 42. Qxe5+ Kh7 43. Qf4 Kg7 44. Qe5+ Kh7 45. Qf4 Kg7 46.
Qe5+ 1/2-1/2

[Event "Bundesliga 0001"]
[Site "Deutschland"]
[Date "2001.01.27"]
[Round "6.6"]
[White "Gustafsson, Jan"]
[Black "Grafl, Florian"]
[Result "1-0"]
[WhiteElo "2506"]
[BlackElo "2299"]
[PlyCount "81"]
[EventDate "2000.10.14"]
[EventType "team"]
[EventRounds "15"]
[EventCountry "GER"]
[SourceTitle "Bundesliga 0001"]
[Source "DeepChess"]
[SourceDate "2005.01.01"]
[SourceVersion "1"]
[SourceVersionDate "2005.01.01"]
[SourceQuality "1"]
[WhiteTeam "Hamburger SK 1830 e.V."]
[BlackTeam "TSV Schott Mainz"]
[WhiteTeamCountry "GER"]
[BlackTeamCountry "GER"]

1. d4 Nf6 2. c4 c5 3. d5 e6 4. Nc3 exd5 5. cxd5 d6 6. Nf3 g6 7. Qa4+ Nbd7 8.
Bf4 a6 9. e4 Nh5 10. Bg5 Be7 11. Bh6 Bf8 12. Bg5 Be7 13. Be3 O-O 14. Qc2 b5 15.
Bd3 Nhf6 16. h3 Re8 17. O-O Bf8 18. b3 Bg7 19. Rac1 Qe7 20. Rfe1 Bb7 21. Bf4
Nh5 22. Bh2 Ne5 23. Be2 Bh6 24. Rcd1 Nf4 25. Nxe5 Qxe5 26. Bf1 Qe7 27. a4 b4
28. Nb1 a5 29. Nd2 Ba6 30. Bxa6 Rxa6 31. Nc4 Qg5 32. Bg3 f6 33. Bxf4 Qxf4 34.
Qe2 f5 35. e5 dxe5 36. g3 Qg5 37. Nxe5 Qf6 38. Nd7 Rxe2 39. Nxf6+ Kf7 40. Rxe2
Kxf6 41. d6 1-0

[Event "Bundesliga 0001"]
[Site "Deutschland"]
[Date "2001.01.27"]
[Round "6.7"]
[White "Ottstadt, Ralph"]
[Black "Heinemann, Thies"]
[Result "1/2-1/2"]
[WhiteElo "2198"]
[BlackElo "2468"]
[PlyCount "88"]
[EventDate "2000.10.14"]
[EventType "team"]
[EventRounds "15"]
[EventCountry "GER"]
[SourceTitle "Bundesliga 0001"]
[Source "DeepChess"]
[SourceDate "2005.01.01"]
[SourceVersion "1"]
[SourceVersionDate "2005.01.01"]
[SourceQuality "1"]
[WhiteTeam "TSV Schott Mainz"]
[BlackTeam "Hamburger SK 1830 e.V."]
[WhiteTeamCountry "GER"]
[BlackTeamCountry "GER"]

1. c4 f5 2. g3 Nf6 3. Bg2 g6 4. Nc3 Bg7 5. e3 O-O 6. Nge2 e5 7. d3 Nc6 8. O-O
d6 9. Rb1 Be6 10. Nd5 Qd7 11. b4 a6 12. a4 Nd8 13. Nec3 g5 14. f4 exf4 15. gxf4
g4 16. Bb2 Rb8 17. b5 c6 18. Nxf6+ Bxf6 19. Ne2 axb5 20. axb5 d5 21. Bxf6 Rxf6
22. Nd4 Rc8 23. bxc6 bxc6 24. c5 Bf7 25. Re1 Ne6 26. Nxe6 Rxe6 27. d4 Qe7 28.
Qd3 Bg6 29. Rb6 Kh8 30. Re2 Ra8 31. Re1 Qh4 32. Reb1 Ra2 33. Rf1 Kg7 34. Ra6
Rb2 35. Rb6 Ra2 36. Ra6 Rxe3 37. Qxe3 Rxa6 38. Qe5+ Kh6 39. Qd6 Ra2 40. Qxc6
Rxg2+ 41. Kxg2 Qh3+ 42. Kg1 g3 43. hxg3 Qxg3+ 44. Kh1 Qh3+ 1/2-1/2